000
00291nam a22001457a 4500
999
_c
160156
_d
160156
082
_a
_b
100
_a
Miher Chandra
245
_a
Ashtadasasruthi/
_c
by Miher Chandra.
260
_a
Delhi:
_b
Nag,
_c
1990.
300
_a
633p.
600
_a
650
_a
700
_a
942
_c
BK